[Event "Stay Safe Play From Home 130"]
[Site "T#645803Emanuel Laske"]
[Date "2020.05.07"]
[Round "1"]
[White "Onlyforchess"]
[Black "Mamutones"]
[Result "1-0"]
[WhiteElo "2509"]
[BlackElo "1805"]
[Annotator "TA"]
[PlyCount "35"]
[EventDate "2020.05.07"]
[EventType "swiss (blitz)"]

{[%evp 9,34,-19,86,84,124,122,340,362,373,211,567,496,1559,1533,1545,1525,1787,1772,1929,1786,2197,2147,29992,29993,29994,29995,29999]} 1. e4 e5 2. Nf3 Nc6 3. d4 exd4 4. Bc4 Bc5 5. O-O Qe7 (5... d6 $11) 6. c3 $16 {[%cal Rc3d4] C44: Ponziani Opening and Scotch Gambit.} dxc3 7. Nxc3 {[%cal Bb1c3,Bc3d5,Bd5f6,Bf6g4][%mdl 32]} Nf6 $2 {[#]} (7... d6 $16) 8. e5 $1 $18 {[%mdl 512] White has a decisive advantage.} Ng4 (8... Nxe5 9. Nxe5) 9. Bg5 (9. Nd5 $142 Qd8 10. Bg5) 9... f6 $2 {[#]} (9... Bxf2+ {is tougher.} 10. Rxf2 Nxf2) 10. Nd5 $146 ({Predecessor:} 10. exf6 gxf6 11. Bh4 d6 12. Nd5 Qg7 13. h3 Nxf2 14. Qe2+ Kf8 15. Bxf2 Bxh3 16. Bxc5 dxc5 {1-0 (32) Schankin,S (1751)-Safin,D Uljanovsk 2014}) 10... Qd8 (10... fxg5 $142 11. Nxe7 Bxe7) 11. exf6 gxf6 12. Re1+ Kf8 {[#]} 13. Nxf6 $1 {[%mdl 512] White wants to mate with Qd5.} Bxf2+ (13... Nxf6 14. Bh6#) 14. Kh1 {Qd5 would kill now.} Bxe1 15. Nxg4 {Threatening mate with Qd5!} Qxg5 16. Nxg5 {White mates.} Bh4 17. Qf3+ Kg7 18. Qf7# {Black did not feel at home in the position after the opening. Accuracy: White = 77%, Black = 19%.} 1-0

[Event "Stay Safe Play From Home 130"]
[Site "T#645803Emanuel Laske"]
[Date "2020.05.07"]
[Round "1"]
[White "Kubas"]
[Black "rohit2007"]
[Result "1-0"]
[WhiteElo "2412"]
[BlackElo "2169"]
[Annotator "TA"]
[PlyCount "117"]
[EventDate "2020.05.07"]
[EventType "swiss (blitz)"]

{[%evp 10,116,26,24,34,9,32,25,24,7,39,0,0,-29,-25,-39,-38,-186,-186,-183,-122,-310,-189,-228,-97,-104,-30,-46,-6,-7,391,389,385,376,478,469,485,493,499,495,496,504,506,504,527,510,591,570,809,789,782,782,781,777,826,747,1020,727,2452,2225,2066,1169,1169,1156,1233,1093,12312,10080,29969,29975,29977,29974,29975,12836,29977,6648,12830,4243,29976,29977,29978,29977,29979,29980,29980,29981,29984,29985,29985,29986,29990,29991,29992,29992,29992,29993,29994,29995,29995,29996,29996,29997,29998,29998,29998,29998,29998,29999,29999]} 1. e3 c5 2. c4 d5 3. Nf3 dxc4 4. Bxc4 e6 5. O-O Nf6 6. b3 {[#]} Bd6 $146 {A09: Réti Opening: 1 Nf3 d5 2 c4.} ({Predecessor:} 6... Nc6 7. Bb2 Be7 8. Qe2 O-O 9. Rd1 Bd7 10. d4 cxd4 11. Nxd4 Qa5 12. Nf3 Rfd8 13. a3 Be8 14. Nbd2 Qh5 15. b4 Nd7 {1-0 (74) Lenderman,A (2640)-Quesada Perez,Y (2568) Philadelphia 2019}) 7. Bb2 O-O 8. Nc3 Nbd7 {White has an edge.} 9. d4 a6 10. Rc1 b5 11. Bd3 Bb7 12. Re1 Rc8 13. e4 (13. Qe2 $15) 13... cxd4 $19 14. Nxd4 Bc5 (14... Ne5 $19 {aiming for ...Bc5.} 15. Bb1 Qb6) 15. Bb1 $2 (15. Nf3 $17) 15... Ne5 16. Nf3 {[#]} Nxf3+ (16... Neg4 $1 $19 {And now ...Qb6 would win.} 17. h3 Nxf2 18. Qxd8 Rfxd8) 17. Qxf3 $17 Qb6 (17... Qd2 $17 18. Re2 Qg5) 18. Qg3 Bd4 19. e5 Nd5 $2 {[%mdl 8192] Black is on the road to losing.} (19... Nh5 $11 {and Black is okay.} 20. Qh4 g6) 20. Nxd5 $18 ({Don't do} 20. Qh4 f5 $18) 20... Bxd5 {[#]} 21. Qh4 $1 {[%csl Gb1][%cal Rh4h7][%mdl 576] Double Attack} f5 22. Qxd4 ({Don't take} 22. Bxd4 Qd8 $18) 22... Qxd4 23. Bxd4 Rfd8 24. Be3 h6 25. Rxc8 Rxc8 26. Rc1 Rd8 27. f3 g5 28. Kf2 f4 29. Bb6 Rd7 30. Rc7 Rxc7 31. Bxc7 Kf7 32. Bd6 Ke8 33. g3 Kd7 34. gxf4 gxf4 35. Bf8 h5 36. Bh6 a5 37. Bxf4 a4 38. bxa4 bxa4 39. a3 Bb3 40. Bd3 Kc6 41. Ke3 Kc5 42. Bh6 (42. Bg5 $142 Kc6 43. Be4+ Kc5 44. f4 Kc4 45. Bf3 Bc2 46. Bxh5 Kc5 47. Bg4) 42... Kd5 43. Bf8 h4 44. f4 {White mates.} h3 45. Be4+ Kc4 46. f5 exf5 47. Bxf5 Kc3 48. Bxh3 Kb2 49. e6 Bxe6 50. Bxe6 Ka1 51. h4 Kb2 52. h5 Kb1 53. h6 Ka1 54. h7 Kb2 55. h8=Q+ Kb1 56. Qh2 Kc1 57. Qd2+ Kb1 58. Bf5+ Ka1 59. Bg7# {Accuracy: White = 58%, Black = 34%.} 1-0

[Event "Stay Safe Play From Home 130"]
[Site "T#645803Emanuel Laske"]
[Date "2020.05.07"]
[Round "1"]
[White "SoulofWolf"]
[Black "EL sanbary"]
[Result "1-0"]
[WhiteElo "2166"]
[BlackElo "1988"]
[Annotator "NA"]
[PlyCount "83"]
[EventDate "2020.05.07"]
[EventType "swiss (blitz)"]

1. c4 {[%emt 0:00:00]} c5 {[%emt 0:00:01]} 2. Nc3 {[%emt 0:00:00]} g6 {[%emt 0:00:01]} 3. Nf3 {[%emt 0:00:00]} Bg7 {[%emt 0:00:01]} 4. e3 {[%emt 0:00:00]} Nc6 {[%emt 0:00:01]} 5. g3 {[%emt 0:00:00]} e5 {[%emt 0:00:01]} 6. d3 {[%emt 0:00:01]} Nge7 {[%emt 0:00:00]} 7. Bg2 {[%emt 0:00:01]} O-O {[%emt 0:00:00]} 8. O-O {[%emt 0:00:00]} d6 {[%emt 0:00:01]} 9. a3 {[%emt 0:00:00]} Be6 {[%emt 0:00:01]} 10. Rb1 {[%emt 0:00:00]} Qd7 {[%emt 0:00:01]} 11. Qc2 {[%emt 0:00:00]} h6 {[%emt 0:00:01]} 12. b4 {[%emt 0:00:00]} f5 {[%emt 0:00:01]} 13. b5 {[%emt 0:00:01]} Nb8 {[%emt 0:00:01]} 14. Ne1 {[%emt 0:00:01]} Rf7 {[%emt 0:00:01]} 15. a4 {[%emt 0:00:01]} b6 {[%emt 0:00:01]} 16. Bb2 {[%emt 0:00:00]} a5 {[%emt 0:00:03]} 17. Qb3 {[%emt 0:00:01]} Ra7 {[%emt 0:00:01]} 18. Qa2 {[%emt 0:00:01]} Kh7 {[%emt 0:00:02]} 19. Qa1 {[%emt 0:00:00]} Ng8 {[%emt 0:00:01]} 20. Nd5 {[%emt 0:00:02]} Nf6 {[%emt 0:00:02]} 21. Nc3 {[%emt 0:00:04]} Qc7 {[%emt 0:00:04]} 22. f4 {[%emt 0:00:02]} Nbd7 {[%emt 0:00:02]} 23. Nf3 {[%emt 0:00:01]} exf4 {[%emt 0:00:02]} 24. exf4 {[%emt 0:00:01]} Ng4 {[%emt 0:00:02]} 25. Rbe1 {[%emt 0:00:02]} Bd4+ {[%emt 0:00:02]} 26. Nxd4 {[%emt 0:00:01]} cxd4 {[%emt 0:00:01]} 27. Rxe6 {[%emt 0:00:06]} dxc3 {[%emt 0:00:02]} 28. Bxc3 {[%emt 0:00:00]} Nc5 {[%emt 0:00:02]} 29. Re8 {[%emt 0:00:06]} Rg7 {[%emt 0:00:08]} 30. Bxg7 {[%emt 0:00:03]} Qxg7 {[%emt 0:00:00]} 31. Qxg7+ {[%emt 0:00:01]} Rxg7 {[%emt 0:00:01]} 32. Rd1 {[%emt 0:00:02]} Ne3 {[%emt 0:00:04]} 33. Rxe3 {[%emt 0:00:02]} Rd7 {[%emt 0:00:03]} 34. Bf1 {[%emt 0:00:03]} Kg7 {[%emt 0:00:00]} 35. Rde1 {[%emt 0:00:01]} Kf7 {[%emt 0:00:01]} 36. Re8 {[%emt 0:00:00]} Nb3 {[%emt 0:00:02]} 37. Rh8 {[%emt 0:00:01]} Kf6 {[%emt 0:00:02]} 38. Rxh6 {[%emt 0:00:01]} Nd4 {[%emt 0:00:01]} 39. Kg2 {[%emt 0:00:02]} Nc2 {[%emt 0:00:01]} 40. Re3 {[%emt 0:00:02]} Nxe3+ {[%emt 0:00:01]} 41. Kf2 {[%emt 0:00:00]} Nxf1 {[%emt 0:00:01]} 42. Kxf1 {[%emt 0:00:00] Time (Lag: Av=0.42s, max=3.9s)} 1-0

[Event "Stay Safe Play From Home 130"]
[Site "T#645803Emanuel Laske"]
[Date "2020.05.07"]
[Round "1"]
[White "Chessencounter"]
[Black "Edmatuag"]
[Result "1-0"]
[WhiteElo "2112"]
[BlackElo "1639"]
[Annotator "NA"]
[PlyCount "67"]
[EventDate "2020.05.07"]
[EventType "swiss (blitz)"]

1. Nf3 {[%emt 0:00:01]} c6 {[%emt 0:00:01]} 2. b3 {[%emt 0:00:02]} d5 {[%emt 0:00:01]} 3. Bb2 {[%emt 0:00:00]} Qc7 {[%emt 0:00:02]} 4. d3 {[%emt 0:00:00]} f6 {[%emt 0:00:01]} 5. Nbd2 {[%emt 0:00:00]} e5 {[%emt 0:00:02]} 6. e4 {[%emt 0:00:00]} Bd6 {[%emt 0:00:00]} 7. a4 {[%emt 0:00:03]} Ne7 {[%emt 0:00:02]} 8. c4 {[%emt 0:00:01]} d4 {[%emt 0:00:02]} 9. Rc1 {[%emt 0:00:00]} Bb4 {[%emt 0:00:01]} 10. Qc2 {[%emt 0:00:01]} Bxd2+ {[%emt 0:00:01]} 11. Qxd2 {[%emt 0:00:01]} Ng6 {[%emt 0:00:00]} 12. Ba3 {[%emt 0:00:02]} Nd7 {[%emt 0:00:03]} 13. g3 {[%emt 0:00:03]} c5 {[%emt 0:00:02]} 14. h4 {[%emt 0:00:01]} a5 {[%emt 0:00:02]} 15. h5 {[%emt 0:00:01]} Ne7 {[%emt 0:00:01]} 16. Bh3 {[%emt 0:00:01]} b6 {[%emt 0:00:05]} 17. O-O {[%emt 0:00:02]} h6 {[%emt 0:00:03]} 18. Kg2 {[%emt 0:00:01]} Nf8 {[%emt 0:00:01]} 19. Nh4 {[%emt 0:00:01]} Bxh3+ {[%emt 0:00:03]} 20. Kxh3 {[%emt 0:00:00]} Qd7+ {[%emt 0:00:02]} 21. Kg2 {[%emt 0:00:05]} f5 {[%emt 0:00:01]} 22. exf5 {[%emt 0:00:02]} Nxf5 {[%emt 0:00:02]} 23. Nf3 {[%emt 0:00:01]} Qd6 {[%emt 0:00:10]} 24. Qe2 {[%emt 0:00:02]} Nd7 {[%emt 0:00:01]} 25. Rce1 {[%emt 0:00:03]} O-O {[%emt 0:00:02]} 26. Nxe5 {[%emt 0:00:01]} Nxe5 {[%emt 0:00:02]} 27. Qxe5 {[%emt 0:00:00]} Ne3+ {[%emt 0:00:01]} 28. Rxe3 {[%emt 0:00:02]} Qc6+ {[%emt 0:00:01]} 29. Qd5+ {[%emt 0:00:01]} Qxd5+ {[%emt 0:00:01]} 30. cxd5 {[%emt 0:00:00]} dxe3 {[%emt 0:00:00]} 31. fxe3 {[%emt 0:00:01]} Rxf1 {[%emt 0:00:00]} 32. Kxf1 {[%emt 0:00:00]} Re8 {[%emt 0:00:01]} 33. e4 {[%emt 0:00:01]} Kf7 {[%emt 0:00:00]} 34. Bc1 {[%emt 0:00:01] Time (Lag: Av=0.88s, max=3.0s)} 1-0

[Event "Stay Safe Play From Home 130"]
[Site "T#645803Emanuel Laske"]
[Date "2020.05.07"]
[Round "1"]
[White "Haxhi Baha"]
[Black "Mepe_Nika"]
[Result "0-1"]
[WhiteElo "2039"]
[BlackElo "2331"]
[Annotator "TA"]
[PlyCount "86"]
[EventDate "2020.05.07"]
[EventType "swiss (blitz)"]

{[%evp 17,86,9,8,-10,-4,-52,-50,-45,-60,-83,-108,-239,-243,-416,-372,-358,-286,-695,-689,-1687,-1574,-29992,-1391,-29992,-29993,-29993,-29994,-29994,-1247,-29995,-29990,-29995,-29995,-29995,125,129,115,112,126,10,10,10,12,0,0,0,59,35,69,10,10,-6,160,154,379,175,180,180,189,135,387,8,75,77,95,95,192,159,159,80,159]} 1. e4 c5 2. Nf3 Nc6 3. d4 cxd4 4. Nxd4 g6 5. Nc3 Bg7 6. Be3 Nf6 7. Be2 O-O 8. Nb3 d6 9. Qd2 Be6 10. f4 {B72: Sicilian Dragon: 6 Be3, lines with h3+Bc4 and sidelines.} Na5 {[#]} 11. h3 $146 ({Predecessor:} 11. Nxa5 Qxa5 12. O-O Rfd8 13. f5 gxf5 14. exf5 Bxf5 15. b4 Qe5 16. Bd4 Bh6 17. Bxe5 Bxd2 18. Bxf6 exf6 19. Rxf5 Bxc3 {½-½ (40) Troianescu,O-Van Schoor,K Leipzig 1960}) 11... Nc4 12. Bxc4 $1 {Black is slightly better.} Bxc4 13. g4 b5 14. Nd4 (14. g5 $17 {keeps fighting.} Nh5 15. Bd4) 14... b4 $19 15. Nce2 $2 (15. g5 bxc3 16. Qxc3) 15... Nxe4 16. Qxb4 Rc8 17. c3 $2 (17. O-O-O) 17... e5 18. f5 exd4 19. Bxd4 Bxe2 (19... Qh4+ $142 20. Kd1 Qg5 21. Nf4 Qxf4 22. Be3 Qxe3 23. Qxd6 Be2+ 24. Kc2 Rxc3+ $1 {[%mdl 576] Demolition} 25. bxc3 Qxc3+ {[%mdl 64] Double Attack} 26. Kb1 Qb2#) 20. Bxg7 Qh4+ 21. Kxe2 Qf2+ {[%mdl 64] Double Attack} 22. Kd3 Nc5+ (22... Qd2+ $142 23. Kxe4 Rce8+ 24. Be5 {[%mdl 64] Back Rank} Rxe5+ 25. Kf3 Re3+ 26. Kf4 Rxh3+ {[%mdl 64] Discovered Attack} 27. Ke4 Re8#) 23. Kc4 Kxg7 24. Rad1 Qe2+ 25. Kd5 Qe4+ $2 (25... Qe5+ {mates} 26. Kc4 d5+ $1 {[%mdl 512]} 27. Kb5 Rb8+ {[%mdl 64] Skewer} 28. Ka5 Qc7+ 29. Qb6 Qxb6#) 26. Qxe4 $16 Nxe4 27. Kxe4 {[%mdl 4096] Endgame KRR-KRR} Rfe8+ 28. Kf4 (28. Kf3 $16) 28... Re2 $11 29. Rxd6 Rf2+ 30. Kg3 Rxb2 31. f6+ Kg8 (31... Kh6 $11) 32. Rhd1 Rbb8 33. Rd7 (33. Kf4 $14) 33... Rxc3+ 34. Kh4 {White wants to mate with Rd8+.} Rcc8 $2 {[#]} (34... h6 $11 35. R1d3 Rxd3 36. Rxd3 Rb6) 35. Kg5 $1 $16 Rf8 $2 (35... a5 $16 36. a4 Ra8) 36. Rxa7 (36. Kh6 $142) 36... Rbe8 $18 37. Kh6 Re3 38. h4 {And now Rd4 would win.} Re4 $2 {[%mdl 8192] [#]} (38... Re6 $16 39. g5 Re4) 39. Kg5 $2 (39. Rad7 $1 $18 {[%cal Rd7d8] Threatens to win with Rd8.} Ree8 40. a4) 39... Re5+ (39... h6+ $11 {keeps the balance.} 40. Kxh6 Rxg4) 40. Kf4 $16 Re6 41. g5 Re2 (41... Rfe8 $16) 42. Rdd7 Rf2+ 43. Kg3 (43. Kg4 $142) 43... Rc2 {[%mdl 32768] Accuracy: White = 38%, Black = 51%. . Loss on time!?} (43... Rf5 $142 44. Rdc7 h6) 0-1

[Event "Stay Safe Play From Home 130"]
[Site "T#645803Emanuel Laske"]
[Date "2020.05.07"]
[Round "1"]
[White "CastlingArrocco"]
[Black "Lamborghini"]
[Result "1-0"]
[WhiteElo "2000"]
[BlackElo "2337"]
[Annotator "TA"]
[PlyCount "149"]
[EventDate "2020.05.07"]
[EventType "swiss (blitz)"]

{[%evp 15,148,7,8,-5,0,-55,-39,-85,-38,-58,-44,-44,-41,-56,-39,-58,43,37,38,46,31,-12,74,67,91,0,91,16,129,126,122,95,190,47,214,206,372,75,77,32,44,50,740,710,1577,224,570,453,456,456,429,423,389,250,29994,29990,29995,958,921,878,29997,675,29986,29987,29989,29990,29990,29991,29991,29991,29994,29990,29991,29992,29993,29994,29994,29994,29996,29995,29997,29995,29996,29996,29997,29998,29998,29998,29999,29998,29998,29997,29998,29998,29998,29994,29995,29995,29996,29995,29996,29995,29995,29995,29997,29994,29995,29996,29996,29995,29995,29995,29995,29996,29996,29997,29997,29998,29998,29998,29998,29998,29998,29998,29998,29997,29997,29997,29997,29997,29997,29998,29998,29999,29999]} 1. Nc3 g6 2. e4 Bg7 3. g3 d6 4. Bg2 Nf6 5. d3 O-O 6. f4 c5 7. Nf3 Nc6 8. O-O Bd7 9. Qe1 {B25: Closed Sicilian: 3 g3, lines without early Be3.} Qc8 {[#]} 10. h4 $146 (10. Bd2 $11) ({Predecessor:} 10. Be3 a6 11. a4 Nb4 12. Qc1 d5 13. e5 Ng4 14. Bd2 d4 15. Ne4 Nd5 16. Re1 {0-1 (31) Jardines,A-Sequeda Mendoza,N (2065) Merida 2001}) 10... h6 11. e5 {Black is slightly better.} dxe5 12. Nxe5 Nd4 13. Qf2 Bh3 14. Be3 Bxg2 15. Kxg2 e6 (15... Rd8 $15) 16. Bxd4 $14 cxd4 17. Qxd4 Ng4 18. Qe4 Nf6 (18... f5 $11 19. Qe2 Bxe5 20. fxe5 Qc5) 19. Qe2 $36 {[%mdl 2048] White fights for an advantage.} b6 20. Ne4 ({White should play} 20. Nb5 $16) 20... Qb7 (20... Nxe4 $11 21. dxe4 Bxe5 22. fxe5 Qc7) 21. Qf3 (21. Rfe1 $16) 21... Qe7 (21... Nxe4 $11 {remains equal.} 22. dxe4 (22. Qxe4 Qxe4+ 23. dxe4 Rac8 $11) 22... Qc7) 22. Nxf6+ $16 Bxf6 23. Rae1 Bg7 (23... h5 $16) 24. d4 (24. h5 $18) 24... Rac8 $2 (24... Qb4 $14) 25. c3 $18 Rfd8 $2 (25... Qc7 26. h5 gxh5 27. Qxh5 Qb7+ 28. Qf3 Qxf3+ 29. Kxf3 (29. Nxf3 b5 $16) 29... f6) 26. g4 $2 (26. Nc6 $18 {and White stays clearly on top.} Rxc6 27. Qxc6) 26... Qxh4 $16 27. f5 {aiming for fxe6.} exf5 28. gxf5 g5 $2 {[%mdl 8192] White stays focused until the end.} (28... Bxe5 $14 29. Rxe5 Rd6) 29. f6 $18 Bf8 {[#]} 30. Ng4 $2 (30. Qb7 $1 {[%mdl 512]} Qh5 31. Rh1) 30... h5 $2 (30... Qh5 31. Re7 b5) 31. Ne5 g4 32. Qg3 Qxg3+ 33. Kxg3 {Black must now prevent Rf5.} Bd6 34. Rf5 {White threatens Rg5+ and mate.} Re8 $2 (34... Bxe5+ $18 35. Rexe5 (35. Rfxe5 Kh7 $16) 35... Kh7 36. Rxh5+ Kg6) 35. Rxh5 Re6 36. Rg5+ (36. Reh1 $142 Rxc3+ 37. bxc3 Bxe5+ 38. dxe5 Rxf6 39. exf6 Kf8 40. Rh8#) 36... Kf8 37. Rh1 {[%cal Rh1h8]} Ke8 38. Rh8+ Bf8 {[#]} 39. Rgg8 $1 {[%csl Gh8][%cal Rg8f8] White mates.} Kd8 40. Rxf8+ {[%mdl 64] Double Attack} Kc7 41. Rxc8+ Kb7 42. Rhd8 Ka6 43. Nxf7 Rxf6 44. Ne5 Rf3+ 45. Nxf3 gxf3 46. Kxf3 b5 47. d5 Ka5 48. d6 Ka4 49. d7 a5 50. Re8 b4 51. d8=Q {[%cal Rd8d7]} b3 52. Re4+ Kb5 {[#]} 53. Qxa5+ $3 Kxa5 54. Rb8 bxa2 55. Ra8+ Kb6 56. Rxa2 Kc5 57. Ra1 Kd5 58. Rd1+ Kc5 59. Rdd4 Kb5 60. c4+ Kc5 61. Rd5+ Kb4 62. Re6 Kb3 63. c5 Kc2 64. c6 Kb1 65. c7 Ka2 66. c8=Q Kb3 67. Rdd6 Ka2 68. Rd7 Kb1 69. Ree7 Ka2 70. b4 Kb3 71. b5 Ka2 72. b6 Ka3 73. b7 Ka4 74. b8=Q {[%cal Rd7a7]} Ka5 75. Ra7# {Accuracy: White = 40%, Black = 35%.} 1-0

[Event "Stay Safe Play From Home 130"]
[Site "T#645803Emanuel Laske"]
[Date "2020.05.07"]
[Round "1"]
[White "SecantFX"]
[Black "Indianquant"]
[Result "0-1"]
[WhiteElo "1899"]
[BlackElo "2315"]
[Annotator "TA"]
[PlyCount "82"]
[EventDate "2020.05.07"]
[EventType "swiss (blitz)"]

{[%evp 9,82,-4,4,-22,-15,-31,-27,-65,-21,-19,-22,-28,-14,-53,-45,-49,-38,-89,-85,-91,-102,-106,-85,-96,-73,-83,-75,-77,-70,-69,-58,-100,-41,-50,-49,-43,-25,-49,-48,-66,-63,-63,-60,-142,-133,-145,-144,-148,-148,-146,-146,-146,-139,-154,-149,-145,-142,-207,-207,-1586,-207,-6223,-5425,-29985,-29985,-29985,-29986,-29986,-29987,-29985,-29984,-29990,-29991,-29991,-29992]} 1. g3 c5 2. Bg2 Nc6 3. f4 g6 4. c3 Bg7 5. Nf3 Nf6 6. e3 {A00: Irregular Openings.} O-O {[#]} 7. d4 $146 ({Predecessor:} 7. O-O d5 8. d4 b6 9. Ne5 Bb7 10. a3 e6 11. Nd2 Rc8 12. b4 cxd4 13. cxd4 {0-1 (30) Tadic,D (1831)-Stocko,J (2262) Bosnjaci 2020}) 7... d6 8. Nbd2 {Black has an edge.} b6 9. O-O Bb7 10. Re1 Qc7 11. b3 Rad8 12. Bb2 e5 13. fxe5 (13. Ng5 $15) 13... dxe5 $17 14. Qe2 exd4 15. exd4 cxd4 16. Nxd4 Nxd4 (16... Rfe8 {keeps more tension.} 17. Qf1 Nxd4 18. cxd4 Qc2 19. Nc4 b5) 17. cxd4 Bxg2 18. Qxg2 Nd5 19. Nf3 Nb4 20. Rac1 Qb8 ({Black should try} 20... Qb7 $17 {And now ...Nd3 would win.} 21. Qe2 Nxa2) 21. Ba3 Nd3 22. Bxf8 Bxf8 (22... Kxf8 {seems wilder.} 23. Qd2 Nxc1 24. Rxc1 Qb7 25. Kf2 a5) 23. Rcd1 Nxe1 24. Rxe1 Bg7 25. Rd1 Qd6 26. d5 {White is on the road to losing.} (26. Qe2 $15) 26... Qc5+ 27. Kh1 Rxd5 28. Rxd5 Qxd5 29. Qe2 h5 30. Kg2 Bf6 31. h4 Kg7 32. Kf2 b5 33. Qe3 (33. Qc2 $17 {is a better defense.}) 33... a5 $19 34. Ng5 $2 (34. Qc1) 34... a4 $2 (34... Bd4 35. Nf3 Bxe3+ 36. Kxe3 Qc5+ 37. Kf4 Qc7+ 38. Ke4 Qc2+ 39. Ke3 Qxa2) 35. Ne4 $2 (35. Nf3) 35... Bd4 {[#] ( -> ...Qxe4)} 36. Qxd4+ Qxd4+ {Black mates.} 37. Kf3 Qd3+ 38. Kf4 axb3 39. axb3 Qxb3 40. Nc5 Qc4+ 41. Ne4 f5 {[%mdl 64] Pin. Accuracy: White = 50%, Black = 82%.} 0-1

[Event "Stay Safe Play From Home 130"]
[Site "T#645803Emanuel Laske"]
[Date "2020.05.07"]
[Round "1"]
[White "matanant"]
[Black "Lazieri3"]
[Result "0-1"]
[WhiteElo "1644"]
[BlackElo "2035"]
[Annotator "NA"]
[PlyCount "108"]
[EventDate "2020.05.07"]
[EventType "swiss (blitz)"]

1. b3 {[%emt 0:00:00]} c6 {[%emt 0:00:00]} 2. Bb2 {[%emt 0:00:01]} d5 {[%emt 0:00:00]} 3. e3 {[%emt 0:00:01]} Nf6 {[%emt 0:00:00]} 4. f4 {[%emt 0:00:01]} Bg4 {[%emt 0:00:00]} 5. Nf3 {[%emt 0:00:00]} e6 {[%emt 0:00:01]} 6. Be2 {[%emt 0:00:01]} Bd6 {[%emt 0:00:01]} 7. O-O {[%emt 0:00:00]} Qe7 {[%emt 0:00:01]} 8. h3 {[%emt 0:00:00]} Bh5 {[%emt 0:00:02]} 9. Ne5 {[%emt 0:00:01]} Bxe2 {[%emt 0:00:01]} 10. Qxe2 {[%emt 0:00:01]} Nbd7 {[%emt 0:00:00]} 11. Nxd7 {[%emt 0:00:02]} Qxd7 {[%emt 0:00:02]} 12. d3 {[%emt 0:00:00]} Qe7 {[%emt 0:00:01]} 13. Nd2 {[%emt 0:00:01]} Ba3 {[%emt 0:00:01]} 14. Be5 {[%emt 0:00:04]} O-O {[%emt 0:00:02]} 15. Nf3 {[%emt 0:00:02]} Nd7 {[%emt 0:00:01]} 16. Bc3 {[%emt 0:00:03]} Bb4 {[%emt 0:00:01]} 17. Qd2 {[%emt 0:00:01]} Bxc3 {[%emt 0:00:01]} 18. Qxc3 {[%emt 0:00:00]} Rfe8 {[%emt 0:00:01]} 19. Ne5 {[%emt 0:00:01]} f6 {[%emt 0:00:02]} 20. Nxd7 {[%emt 0:00:03]} Qxd7 {[%emt 0:00:00]} 21. e4 {[%emt 0:00:01]} dxe4 {[%emt 0:00:01]} 22. dxe4 {[%emt 0:00:01]} Rad8 {[%emt 0:00:02]} 23. Rf2 {[%emt 0:00:03]} Qd4 {[%emt 0:00:04]} 24. Qxd4 {[%emt 0:00:02]} Rxd4 {[%emt 0:00:00]} 25. Re2 {[%emt 0:00:01]} e5 {[%emt 0:00:02]} 26. f5 {[%emt 0:00:02]} Red8 {[%emt 0:00:01]} 27. Kf2 {[%emt 0:00:01]} Kf7 {[%emt 0:00:02]} 28. Rae1 {[%emt 0:00:03]} c5 {[%emt 0:00:01]} 29. Re3 {[%emt 0:00:01]} c4 {[%emt 0:00:01]} 30. R1e2 {[%emt 0:00:00]} b5 {[%emt 0:00:01]} 31. c3 {[%emt 0:00:03]} Rd3 {[%emt 0:00:04]} 32. b4 {[%emt 0:00:01]} Ke7 {[%emt 0:00:03]} 33. a4 {[%emt 0:00:02]} bxa4 {[%emt 0:00:02]} 34. Ra2 {[%emt 0:00:01]} Rxe3 {[%emt 0:00:01]} 35. Kxe3 {[%emt 0:00:01]} Rd3+ {[%emt 0:00:00]} 36. Ke2 {[%emt 0:00:01]} Rxc3 {[%emt 0:00:00]} 37. Rxa4 {[%emt 0:00:00]} Rb3 {[%emt 0:00:03]} 38. Rxa7+ {[%emt 0:00:01]} Kd6 {[%emt 0:00:01]} 39. Rxg7 {[%emt 0:00:01]} Rb2+ {[%emt 0:00:01]} 40. Kf3 {[%emt 0:00:01]} c3 {[%emt 0:00:01]} 41. Rf7 {[%emt 0:00:00]} c2 {[%emt 0:00:02]} 42. Rxf6+ {[%emt 0:00:00]} Kd7 {[%emt 0:00:01]} 43. Rf7+ {[%emt 0:00:02]} Kc8 {[%emt 0:00:01]} 44. Rf8+ {[%emt 0:00:02]} Kb7 {[%emt 0:00:01]} 45. Rf7+ {[%emt 0:00:00]} Kb6 {[%emt 0:00:01]} 46. Rf6+ {[%emt 0:00:01]} Kb5 {[%emt 0:00:01]} 47. Re6 {[%emt 0:00:01]} c1=Q {[%emt 0:00:01]} 48. Rxe5+ {[%emt 0:00:00]} Kxb4 {[%emt 0:00:01]} 49. Rd5 {[%emt 0:00:00]} Qc3+ {[%emt 0:00:01]} 50. Kf4 {[%emt 0:00:01]} Rf2+ {[%emt 0:00:00]} 51. Kg5 {[%emt 0:00:01]} Qe3+ {[%emt 0:00:00]} 52. Kh5 {[%emt 0:00:02]} Qxe4 {[%emt 0:00:00]} 53. Kh6 {[%emt 0:00:00]} Qxd5 {[%emt 0:00:01]} 54. Kxh7 {[%emt 0:00:00]} Qxf5+ {[%emt 0:00:00] Time (Lag: Av=0.93s, max=5.0s)} 0-1